000 nam a22 7a 4500
999 _c29809
_d29809
008 180730b xxu||||| |||| 00| 0 eng d
050 _aPN6110
_b.M48T67 2006
245 _aBest sudent Articles :
_bCollection of Poem,Essays,Phyilosophical thouhts,jokes and anecdotes,wise sayings and quatable quotes by student from different schools /
_cEdited by Kipkemboi Toroitich, Peter Silsil
260 _aKenya,NRB. :
_bShrend Publishers,
_c2006.
300 _a80p. ;
_c18cm.
650 _aMindfulness (Psychology)
650 _aHigh school student
_xArticles
942 _2lcc
_cBOOKS
_hPN6110 .M48T67 2006